Normal view
MARC view
- Entertainers
Entry Topical Term
001 - CONTROL NUMBER
- control field: 96605
003 - CONTROL NUMBER IDENTIFIER
- control field: NUST
005 - DATE AND TIME OF LATEST TRANSACTION
- control field: 20220806165731.0
008 - FIXED-LENGTH DATA ELEMENTS
- fixed length control field: 220806|| aca||aabn | a|a d
040 ## - CATALOGING SOURCE
- Original cataloging agency: NUST
- Transcribing agency: NUST
150 ## - HEADING--TOPICAL TERM
- Topical term or geographic name entry element: Entertainers
- Geographic subdivision: United States
- Form subdivision: Biography
670 ## - SOURCE DATA FOUND
- Source citation: Work cat.: (NUST)0: Angelou, Maya. 96600, I know why the caged bird sings
